| 000 | 00861nam a2200205 i 4500 | ||
|---|---|---|---|
| 001 | 23428 | ||
| 003 | ES-MaACL | ||
| 005 | 20250723051202.0 | ||
| 007 | t| | ||
| 008 | 021210s1884 sp ||||1| spa d | ||
| 100 | 1 |
_aAlvarez Giménez, Emilio. _920821 |
|
| 245 | 1 | 0 |
_aBiografia del R. P. Fray Martin Sarmiento y noticia de sus obras impresas y manuscritas... : con indicación de los archivos y bibliotecas en donde se hallan... / _coriginal de Emilio Alvarez Gimenez. |
| 260 |
_aPontevedra : _b[s.n.], _c1884 ( _fImp. de José Millan) |
||
| 300 |
_a47 p., [1] de lam. de grab. ; _c22 cm. |
||
| 500 | _aObra premiada en los Juegos Florales de Pontevedra de agosto de 1884. | ||
| 500 | _aLas h. de grab. calc.: " Fray Martín Sarmiento" | ||
| 600 | 0 | 4 |
_aMartín Sarmiento, _cFray, _d1695-1772 _9166281 |
| 852 |
_aES-MaACL _j1521-F-2 |
||
| 999 |
_c23428 _d23428 |
||